[Event "Hampstead op U2200 07"]
[Site "Hampstead"]
[Date "2013.07.20"]
[Round "2"]
[White "Lewis, Tim"]
[Black "Verma, Aditya"]
[Result "0-1"]
[WhiteElo "1322"]
[BlackElo "1616"]
[PlyCount "112"]
[EventDate "2013.07.20"]
[EventType "swiss"]
[EventRounds "5"]
[EventCountry "ENG"]
[SourceTitle "EXT 2023"]
[Source "ChessBase"]
[SourceDate "2022.10.05"]
[SourceVersion "1"]
[SourceVersionDate "2022.10.05"]
[SourceQuality "1"]

1. e4 e5 2. Nf3 Nc6 3. Bc4 Bc5 4. c3 Nf6 5. d4 exd4 6. cxd4 Bb4+ 7. Nc3 Nxe4 8. 0-0 Nxc3 9. bxc3 Bxc3 10. Qb3 Bxa1 11. Bxf7+ Kf8 12. Bg5 Ne7 13. Re1 h6 14. Bxe7+ Qxe7 15. Rxe7 Kxe7 16. Qe3+ Kxf7 17. Ne5+ Kf6 18. Qf4+ Ke6 19. Qg4+ Kd5 20. Nf7 Re8 21. g3 d6 22. Qh5+ Kxd4 23. Qd1+ Kc5 24. Qc1+ Kb6 25. Qxa1 Be6 26. Qb2+ Kc6 27. Qc3+ Kd7 28. Qxg7 Re7 29. Qxh6 Rxf7 30. Qe3 Raf8 31. f4 a6 32. Qe4 c6 33. Qb4 Kc7 34. Qa5+ Kb8 35. Qd2 Bd5 36. h4 Rg8 37. Kf2 Rfg7 38. Qe3 Rxg3 39. Qxg3 Rxg3 40. Kxg3 Kc8 41. h5 Kd8 42. h6 Bg8 43. Kg4 Ke7 44. Kf5 Bh7+ 45. Kg5 Kf7 46. Kh5 d5 47. f5 Bxf5 48. Kg5 Bb1 49. Kh5 c5 50. Kg5 c4 51. Kf4 c3 52. Ke3 d4+ 53. Ke2 d3+ 54. Kd1 d2 55. a3 Bg6 56. a4 Bh5+ 0-1